• 首页
  • 本馆介绍
  • 公告通知
  • 最新文献
  • 馆藏检索
  • 电子资源
  • 读者导购
  • 参考咨询
  • 我的图书馆
  • 登录
  • 详细信息显示
  • 放入我的书架
  • 预约/预借图书
  • 作者相关作品
  • 分类相关作品
  • 丛书相关作品
  • 出版社相关作品

书目信息

  • 表格格式
  • 工作单格式
  • 卡片格式
题名:
关于教育本质问题的论争
    
 
作者: ;全国教育学研究会 编
分册:  
出版信息: 北京   人民教育出版社  1980
页数: 137页
开本: 19cm
丛书名:
单 册:
中图分类: G40-011 , G40
科图分类:
主题词: 本质-教育--研究 , 教育-本质--研究
电子资源:
ISBN:
000 00733nam0 2200253 45
001 0180002605
005 20060911171148.23
010    @dCNY0.35
091    @a7012.0130
100    @a19950703d1980 kemy0chiy0121 ea
101 0  @achi
102    @aCN@b110000
105    @ay z 000yy
200 10 @a关于教育本质问题的论争@Aguan yu jiao yu ben zhi wen ti de lun zheng@f全国教育学研究会编
210    @a北京@c人民教育出版社@d1980
215    @a137页@d19cm
606    @a本质-教育@x研究
606    @a教育-本质@x研究
690    @aG40-011@v3
690    @aG40@v3
711 02 @a全国教育学研究会@Aquan guo jiao yu xue yan jiu hui@4编
801  2 @aCN@bNLC@c20060911
801  0 @aCN@b上海图书馆@c20040429
905    @f2@b36364-365@dG40@e117
    
    关于教育本质问题的论争/全国教育学研究会编.-北京:人民教育出版社,1980
    137页;19cm
    
    
    ISBN :CNY0.35
    
●
相关链接 在E读中查询图书 在五车中查询图书 在当当中查询图书 在豆瓣中查询图书


正题名:关于教育本质问题的论争     索取号:G40/117         预约/预借

序号 登录号 条形码 馆藏地/架位号 状态 备注
1 0036364   000286924   第四借阅区/ [索取号:G40/117] 在馆    
2 0036365   000286853   密集书库/ [索取号:G40/117] 在馆    
3 0036366   001756781   密集书库/ [索取号:G40/117] 在馆    
4 0036367   001756825   密集书库/ [索取号:G40/117] 在馆    
5 0036368   000286915   第一样本阅览室/ [索取号:G40/117] 在馆    
6 0212843   000266580   密集书库/ [索取号:G40/117] 在馆    
7 0212844   000266571   密集书库/ [索取号:G40/117] 在馆    
8 0212845   000266642   密集书库/ [索取号:G40/117] 在馆    
9 0472066   204720668   密集书库/ [索取号:G40/117] 在馆    
唐山师范学院图书馆 欢迎您!
大连网信软件有限公司© 版权所有